000 00724nam a2200193Ia 4500
003 LDD
008 190117s9999 xx 000 0 und d
020 _a9789350008171
_c₹1500
040 _cLDD
041 _ahi
082 _a8H3.7 ल5926
100 _aयादव, राजेन्द्र
245 0 _aलम्बी कहानियाँ-1
_b हंस के पच्चीस वर्षो (1986 से 2011) का चयन
_cराजेन्द्र यादव
260 _aनई दिल्ली
_bवाणी प्रकाशन
_c2011
300 _a438
901 _aVANI
904 _aReqst by : Satyakam
942 _2ddc
_cH
999 _c167791
_d167791